Histoire du Maghreb médiéval : XIe-XVe siècle (notice n° 1925320)
[ vue normale ]
| 000 -LEADER | |
|---|---|
| fixed length control field | 01383cam a2200145 4500500 |
| 005 - DATE AND TIME OF LATEST TRANSACTION | |
| control field | 20260329023201.0 |
| 041 ## - LANGUAGE CODE | |
| Language code of text/sound track or separate title | fre |
| 042 ## - AUTHENTICATION CODE | |
| Authentication code | dc |
| 100 10 - MAIN ENTRY--PERSONAL NAME | |
| Personal name | Buresi, Pascal |
| Relator term | author |
| 245 00 - TITLE STATEMENT | |
| Title | Histoire du Maghreb médiéval : XIe-XVe siècle |
| 260 ## - PUBLICATION, DISTRIBUTION, ETC. | |
| Name of publisher, distributor, etc. | Armand Colin,<br/> |
| Date of publication, distribution, etc. | 2021.<br/> |
| 520 ## - SUMMARY, ETC. | |
| Summary, etc. | Pour la première fois de l’histoire, le Maghreb fait l’expérience, au cours des XIe-XVe siècles, d’une union politique sous l’égide des populations locales : les Berbères. S’inspirant des dynasties arabes musulmanes qui les ont précédés, les Almohades étendent leur emprise de l’Atlantique à la Tripolitaine, du Sahara jusqu’au centre de la péninsule Ibérique. Cet épisode marque une étape fondamentale du processus d’arabisation et d’islamisation des sociétés du Maghreb ; on assiste alors à la diffusion du concept d’État, territorial et supra-tribal, préalable à l’évolution ultérieure. Pascal Buresi et Mehdi Ghouirgate présentent d’abord en dix « chapitres » le cadre événementiel et politique, puis ils insistent sur dix « points d’histoire ». Enfin, divers auteurs analysent une dizaine de documents iconographiques, emblématiques de cette période fascinante. |
| 700 10 - ADDED ENTRY--PERSONAL NAME | |
| Personal name | Ghouirgate, Mehdi |
| Relator term | author |
| 856 41 - ELECTRONIC LOCATION AND ACCESS | |
| Uniform Resource Identifier | <a href="https://shs.cairn.info/histoire-du-maghreb-medieval--9782200629823?lang=fr&redirect-ssocas=7080">https://shs.cairn.info/histoire-du-maghreb-medieval--9782200629823?lang=fr&redirect-ssocas=7080</a> |
Pas d'exemplaire disponible.




Réseaux sociaux